000 01151naa a22003137a 4500
001 BR8302676
003 BR-BrBNA
005 20240918175255.0
007 ta
008 230509b bl.||||| |||| 00| 0 por d
040 _aBR-BrBNA
_bpor
_cBiblioteca Nacional de Agricultura
041 _a(Pt)
072 _aE15
_b/G514
090 _aE15 BR8302676
100 1 _aCruz, E.R. da
100 1 _aPeres, F.C.
111 1 _a21. Congresso Brasileiro de Economia e Sociologia Rural
_cBrasilia, DF (Brazil)
_d25-28 Jul 1983
245 1 _aEfeitos da eliminacao do credito rural a nivel de propriedade: o caso da modelagem de sistemas para a regiao de Campinas, Sao Paulo [Brasil]
260 3 _aBrasilia, DF (Brasil):
_c1983.
500 _aAgricultura: saida para a crise? Brasilia, DF (Brasil): 1983. p. 145-155 (BR8302676-AM)E15
650 _aCREDITO RURAL
650 _aPOLITICA GOVERNAMENTAL
650 _aPROPRIEDADE RURAL
650 _aCAMPINAS
650 _aSAO PAULO
773 0 _tAgricultura: saida para a crise?
_b
_wE15 BR8302676
_gBrasilia, DF (Brasil), 1983. p. 145-155
909 _a202404
_bLucia
_c55
_dLucia Elande
942 _cAM
_2AGRIS
999 _c315954
_d315954